| 000 | 01113nam a2200301 a 4500 | ||
|---|---|---|---|
| 001 | |||
| 003 | DO-SdBNP | ||
| 005 | 20220304072001.0 | ||
| 008 | 100303s1979 dr a 001 0 spa d | ||
| 040 |
_aBPMSU _bspa _cBPMSU |
||
| 049 | _a | ||
| 082 |
_a378.7293 _bK19t 1979 _222 |
||
| 100 | 1 |
_aKasse Acta, Rafael _d1927- |
|
| 245 | 1 | 0 |
_aTemas del Movimiento Renovador / _cRafael Kasse Acta. |
| 260 |
_aSanto Domingo : _bUASD, _c1979. |
||
| 300 |
_a239 p. : _bil., retrs. ; _c22 cm. |
||
| 490 | 0 |
_aPublicaciones de la Universidad Autónoma de Santo Domingo ; _aEducación y sociedad, _v275/11 |
|
| 500 | _aIncluye datos biográficos del autor en la contracubierta | ||
| 504 | _aBibliografía: p. 237-239. | ||
| 590 | _6Inventariado, 2021/VM | ||
| 650 | 4 |
_aUniversidades _zRepública Dominicana _xEnsayos, conferencias, etc. |
|
| 650 | 4 |
_aEducación superior _zRepública Dominicana |
|
| 650 | 4 | _aPolítica de educación superior | |
| 710 | 2 | _aUniversidad Autónoma de Santo Domingo | |
| 830 | 0 |
_aPublicaciones de la Universidad Autónoma de Santo Domingo _v275 |
|
| 910 | _aVMateo V. | ||
| 942 |
_2ddc _cBK |
||
| 999 |
_c13650 _d13650 |
||